|
|
|
|
| LEADER |
00872nab a2200253 i 4500 |
| 001 |
misc65378 |
| 005 |
20240827135719.0 |
| 008 |
240202s1969 hu o 000 eng d |
| 040 |
|
|
|a SZTE Miscellanea Repozitórium
|b hun
|
| 041 |
|
|
|a eng
|
| 100 |
1 |
|
|a Žirmunskij Viktor Maksimovič
|
| 245 |
1 |
0 |
|a Epic songs and singers in Central Asia
|h [elektronikus dokumentum] /
|c Žirmunskij Viktor Maksimovič
|
| 260 |
|
|
|c 1969
|
| 300 |
|
|
|a 271-339
|c 20 cm
|
| 300 |
|
|
|a [69] p.
|c 20 cm
|
| 490 |
0 |
|
|a Oral epics of Central Asia
|
| 561 |
|
|
|a Németh Gyula hagyaték
|
| 591 |
|
|
|a NOA 6595
|
| 650 |
|
4 |
|a Társadalomtudományok
|
| 650 |
|
4 |
|a Szociológia
|
| 650 |
|
4 |
|a Bölcsészettudományok
|
| 650 |
|
4 |
|a Nyelvek és irodalom
|
| 695 |
|
|
|a Népdal - török - Közép-Ázsia, Népköltészet - török
|
| 856 |
4 |
0 |
|u http://misc.bibl.u-szeged.hu/65378/1/6595_noa.pdf
|z Dokumentum-elérés
|